000 00951cam a22002055a 4500
001 L156087
008 120430s1846 xxk f 000 0 eng d
035 _a(Sirsi) u156087
041 0 _aeng
100 1 _aScriven, John
245 0 2 _aA treatise on copyhold, customary freehold, and ancient demesne tenure
_bwith the jurisdiction of Courts baron and Courts leet; also an appendix, containing rules for holding Customary courts, Courts baron and Courts leet, forms of court rolls, deputations, and copyhold assurances, and extracts from the relative acts of Parliament
250 _a4th ed., embracing all the authorities to the present period
_bby Harry Stalman
260 _aLondon
_bH. Butterworth; [etc., etc.]
_c1846
300 _a2 v.
_c25cm.
583 _aCondition reviewed
_c20120620
_lcondition level 3 and 4
651 4 _aGreat Britain
_y1707-
690 _aLandlord and tenant
_96252
700 1 _aStalman, Henry
_d1797-1871
942 _n0
999 _c114022
_d114022